ENVIRONMENTAL SYSTEMS: AN INTRODUCTORY TEXT / (Record no. 10292)
[ view plain ]
| 000 -الفاتح | |
|---|---|
| حقل البيانات ثابتة الطول | 00475nam a2200181Ia 4500 |
| 008 - عناصر البيانات ثابتة الطول - معلومات عامة | |
| حقل البيانات ثابتة الطول | 140319s9999 xx 000 0 eng d |
| 040 ## - مصدر الفهرسة | |
| وكالة الفهرسة الأصلية | GCL / |
| وكالة النسخ | GCL |
| 082 04 - رقم تصنيف ديوى العشرى | |
| رقم التصنيف | 620.8 |
| رقم المادة | W E |
| 100 1# - المدخل الرئيسى - إسم شخصى | |
| الإسم الشخصى | WHITE, I.D. |
| 245 10 - بيان العنوان | |
| العنوان | ENVIRONMENTAL SYSTEMS: AN INTRODUCTORY TEXT / |
| بيان المسئوليه,etc | WHITE, I.D. |
| 700 1# - المدخل الاضافى - اسم شخصى | |
| الإسم الشخصى | MOTTERSHEAD, D. N. |
| 700 1# - المدخل الاضافى - اسم شخصى | |
| الإسم الشخصى | HARRISON, S. J. |
| 260 ## - PUBLICATION, DISTRIBUTION, ETC. (IMPRINT) | |
| تاريخ النشر أو التوزيع | 1993 |
| 300 ## - الوصف المادى | |
| التعداد | 616 P |
| 650 04 - المدخل الاضافى بالموضوع-مصطلح موضوعى | |
| مصطلح موضوعي | ENVIRONMENT |
| 942 ## - عناصر المدخل الإضافي( كوها) | |
| مصدر التصنيف او مخطط الترفيف | Dewey Decimal Classification |
| Koha [default] item type | كتاب |
| 260 ## - PUBLICATION, DISTRIBUTION, ETC. (IMPRINT) | |
| -- | [S.N] : |
| -- | CHAPMAN & HALL ، |
| حالة التراجع | حالة الفقد | حالة تلف | ليس للاعارة | المكان المؤقت | الموقع الحالى | تاريخ الاكتساب | اجمالي اﻻعارات | رقم الطلب | الباركود | تاريخ اخر مشاهدة | تاريخ تفعيل السعر | نوع وعاء كوها |
|---|---|---|---|---|---|---|---|---|---|---|---|---|
| مكتبة القاهرة الكبرى | مكتبة القاهرة الكبرى | 03/26/2014 | 620.8\W E | 20939 | 03/26/2014 | 03/26/2014 | كتاب | |||||
| مكتبة القاهرة الكبرى | مكتبة القاهرة الكبرى | 03/26/2014 | 620.8\W E | 20940 | 03/26/2014 | 03/26/2014 | كتاب | |||||
| مكتبة القاهرة الكبرى | مكتبة القاهرة الكبرى | 03/26/2014 | 620.8\W E | 20941 | 03/26/2014 | 03/26/2014 | كتاب |

